[Event "POL-chT 1st League"]
[Site "Szklarska Poreba"]
[Date "2021.09.07"]
[Round "4.8"]
[White "Zaskalski, Arkadiusz"]
[Black "Brodowski, Piotr"]
[Result "0-1"]
[WhiteElo "2160"]
[BlackElo "2439"]
[PlyCount "68"]
[EventDate "2021.09.04"]
[EventType "team-swiss"]
[EventRounds "9"]
[EventCountry "POL"]
[SourceTitle "CBM 204 Extra"]
[Source "ChessBase"]
[SourceDate "2021.11.30"]
[SourceVersion "1"]
[SourceVersionDate "2021.11.30"]
[SourceQuality "1"]
[WhiteTeam "Pilzno GKSz Hetman"]
[BlackTeam "Wisznia Mala Bialy Krol"]
[WhiteTeamCountry "POL"]
[BlackTeamCountry "POL"]

1. c4 e5 2. Nc3 Nc6 3. g3 g6 4. Bg2 Bg7 5. e3 d6 6. Rb1 f5 7. Nge2 Nf6 8. d3 Ne7 9. Nd5 Nexd5 10. cxd5 0-0 11. 0-0 Bd7 12. Qb3 Rb8 13. Bd2 Kh8 14. Qa3 a6 15. b4 Qe7 16. Rbc1 Rbc8 17. Nc3 g5 18. f4 exf4 19. exf4 gxf4 20. Rce1 Qf7 21. Bxf4 Ng4 22. Ne2 Rce8 23. Qc1 Bb5 24. Qd2 Qh5 25. h3 Ne5 26. Bxe5 dxe5 27. Kh2 Qg6 28. Nc3 Bd7 29. a4 Rg8 30. Qf2 Bf8 31. Rb1 Bd6 32. Ne2 Bxa4 33. Qxf5 Qxf5 34. Rxf5 Bc2 0-1

[Event "POL-chT 2nd League"]
[Site "Poronin"]
[Date "2020.09.11"]
[Round "7.5"]
[White "Zaskalski, Arkadiusz"]
[Black "Snihur, Piotr"]
[Result "1/2-1/2"]
[WhiteElo "2175"]
[BlackElo "2239"]
[PlyCount "102"]
[EventDate "2020.09.05"]
[EventType "team-swiss"]
[EventRounds "9"]
[EventCountry "POL"]
[SourceTitle "CBM 198 Extra"]
[Source "ChessBase"]
[SourceDate "2020.11.30"]
[SourceVersion "1"]
[SourceVersionDate "2020.11.30"]
[SourceQuality "1"]
[WhiteTeam "Pilzno GKSz Hetman"]
[BlackTeam "Konin UKS Smecz"]
[WhiteTeamCountry "POL"]
[BlackTeamCountry "POL"]

1. c4 Nf6 2. Nf3 e6 3. g3 b6 4. Bg2 Bb7 5. Nc3 Be7 6. 0-0 0-0 7. d4 Ne4 8. Qc2 Nxc3 9. Qxc3 c5 10. Rd1 d6 11. b3 Bf6 12. Bb2 Qe7 13. Qc2 Nd7 14. Ng5 Bxg5 15. Bxb7 Rad8 16. Bg2 f5 17. e3 Bf6 18. Rd2 g5 19. Rad1 Bg7 20. dxc5 dxc5 21. Bxg7 Kxg7 22. Qd3 Nf6 23. Qxd8 Rxd8 24. Rxd8 Kg6 25. Rb8 Ne4 26. Bxe4 fxe4 27. Rg8+ Kf5 28. h3 h6 29. Rgd8 Ke5 30. R8d7 Qe8 31. R1d2 a6 32. a4 Qb8 33. Rd8 Qb7 34. R2d7 Qc6 35. Re7 b5 36. axb5 axb5 37. Rde8 bxc4 38. bxc4 Qa6 39. Rxe6+ Qxe6 40. Rxe6+ Kxe6 41. Kg2 Kf6 42. f3 exf3+ 43. Kxf3 Ke5 44. h4 Kf5 45. hxg5 hxg5 46. e4+ Ke5 47. Kg4 Kxe4 48. Kxg5 Kd4 49. Kf5 Kxc4 50. g4 Kd3 51. g5 c4 1/2-1/2

[Event "POL-chT 2nd League"]
[Site "Poronin"]
[Date "2020.09.05"]
[Round "1.17"]
[White "Zaskalski, Arkadiusz"]
[Black "Jankowiak, Tomasz"]
[Result "1/2-1/2"]
[WhiteElo "2175"]
[BlackElo "2154"]
[PlyCount "36"]
[EventDate "2020.09.05"]
[EventType "team-swiss"]
[EventRounds "9"]
[EventCountry "POL"]
[SourceTitle "CBM 198 Extra"]
[Source "ChessBase"]
[SourceDate "2020.11.30"]
[SourceVersion "1"]
[SourceVersionDate "2020.11.30"]
[SourceQuality "1"]
[WhiteTeam "Pilzno GKSz Hetman"]
[BlackTeam "Bogatynia UKS SP3"]
[WhiteTeamCountry "POL"]
[BlackTeamCountry "POL"]

1. c4 Nf6 2. Nf3 e6 3. g3 d5 4. Bg2 Be7 5. d4 0-0 6. 0-0 dxc4 7. Ne5 Nc6 8. Bxc6 bxc6 9. Nxc6 Qe8 10. Nxe7+ Qxe7 11. Qa4 e5 12. dxe5 Qxe5 13. Qxc4 Be6 14. Qc2 Bf5 15. Qc4 Be6 16. Qc2 Bf5 17. Qc4 Be6 18. Qc2 Bf5 1/2-1/2

[Event "POL-chT 2nd League"]
[Site "Jastrzebia Gora"]
[Date "2019.09.14"]
[Round "8.8"]
[White "Chojnacki, Krzysztof"]
[Black "Zaskalski, Arkadiusz"]
[Result "1-0"]
[WhiteElo "2362"]
[BlackElo "2168"]
[PlyCount "59"]
[EventDate "2019.09.07"]
[EventType "team-swiss"]
[EventRounds "9"]
[EventCountry "POL"]
[SourceTitle "EXT 2020"]
[Source "ChessBase"]
[SourceDate "2019.10.17"]
[SourceVersion "1"]
[SourceVersionDate "2019.10.17"]
[SourceQuality "1"]
[WhiteTeam "Chrobry Gniezno"]
[BlackTeam "Pilzno GKSz Hetman"]
[WhiteTeamCountry "POL"]
[BlackTeamCountry "POL"]

1. e4 c5 2. Nf3 Nc6 3. d4 cxd4 4. Nxd4 Nf6 5. Nc3 g6 6. Nxc6 bxc6 7. e5 Ng8 8. Bc4 Bg7 9. Qf3 f5 10. Bf4 e6 11. 0-0-0 Qc7 12. h4 Ne7 13. Qg3 Bb7 14. Rd3 0-0-0 15. Rhd1 Nd5 16. Bxd5 exd5 17. h5 Rhg8 18. h6 Bf8 19. e6 d6 20. Qe3 Kb8 21. Na4 Be7 22. Rb3 Ka8 23. Ra3 c5 24. Qb3 a6 25. Rxd5 Bxd5 26. Nb6+ Ka7 27. Nxd5 Qb7 28. Qxb7+ Kxb7 29. Rb3+ Ka8 30. Nxe7 1-0

[Event "POL-chT 2nd League"]
[Site "Jastrzebia Gora"]
[Date "2019.09.07"]
[Round "1.5"]
[White "Zaskalski, Arkadiusz"]
[Black "Lewicki, Miroslaw"]
[Result "1/2-1/2"]
[WhiteElo "2168"]
[BlackElo "2351"]
[PlyCount "98"]
[EventDate "2019.09.07"]
[EventType "team-swiss"]
[EventRounds "9"]
[EventCountry "POL"]
[SourceTitle "EXT 2020"]
[Source "ChessBase"]
[SourceDate "2019.10.17"]
[SourceVersion "1"]
[SourceVersionDate "2019.10.17"]
[SourceQuality "1"]
[WhiteTeam "Pilzno GKSz Hetman"]
[BlackTeam "Czarna LKSz"]
[WhiteTeamCountry "POL"]
[BlackTeamCountry "POL"]

1. c4 Nf6 2. Nf3 e6 3. g3 b6 4. Bg2 Bb7 5. 0-0 Be7 6. Nc3 0-0 7. d4 d5 8. cxd5 exd5 9. Bf4 h6 10. Rc1 Na6 11. Ne5 c5 12. Qd2 Re8 13. dxc5 Bxc5 14. Nd3 g5 15. Nxc5 bxc5 16. Be3 Rb8 17. Na4 d4 18. Bxb7 Rxb7 19. Bxg5 hxg5 20. Qxg5+ Kf8 21. Qh6+ Ke7 22. Nxc5 Rb6 23. Nxa6 Rxa6 24. Rfd1 Rd6 25. Rc4 Qb6 26. b3 Red8 27. Qf4 Kf8 28. Qh6+ Kg8 29. Qg5+ Kh7 30. Qf5+ Kh8 31. Qf4 Rd5 32. Rd3 Kg7 33. h4 Qe6 34. Rcxd4 Rxd4 35. Rxd4 Rxd4 36. Qxd4 Qxe2 37. Qxa7 Qe1+ 38. Kg2 Qe4+ 39. f3 Qd3 40. Qf2 Nd5 41. Qe1 f6 42. Qf2 Ne3+ 43. Kh2 Nd1 44. Qg2 Qe3 45. g4 Nf2 46. Qg3 Nd3 47. g5 Qd2+ 48. Qg2 Qf4+ 49. Qg3 Qd2+ 1/2-1/2

[Event "POL-chT 2nd League"]
[Site "Jastrzebia Gora"]
[Date "2018.09.06"]
[Round "7.7"]
[White "Zaskalski, Arkadiusz"]
[Black "Krzywda, Andrzej"]
[Result "0-1"]
[WhiteElo "2186"]
[BlackElo "2232"]
[PlyCount "258"]
[EventDate "2018.09.01"]
[EventType "team-swiss"]
[EventRounds "9"]
[EventCountry "POL"]
[SourceTitle "CBM 186 Extra"]
[Source "ChessBase"]
[SourceDate "2018.08.24"]
[SourceVersion "1"]
[SourceVersionDate "2018.08.24"]
[SourceQuality "1"]
[WhiteTeam "Pilzno GKSz Hetman"]
[BlackTeam "Chroscice Victoria"]
[WhiteTeamCountry "POL"]
[BlackTeamCountry "POL"]

1. c4 Nf6 2. Nf3 e6 3. g3 d5 4. Bg2 dxc4 5. Qa4+ Nbd7 6. Qxc4 a6 7. d4 b5 8. Qc2 Bb7 9. 0-0 c5 10. a4 Rc8 11. axb5 axb5 12. Qb3 Qb6 13. Nc3 cxd4 14. Nxb5 Nc5 15. Qb4 Nd5 16. Qc4 Be7 17. Nbxd4 Ba6 18. Qc2 0-0 19. Bd2 Bf6 20. Bc3 Nb4 21. Bxb4 Qxb4 22. Qc3 Qb6 23. b4 Ne4 24. Qa3 Bc4 25. Qa7 Qxa7 26. Rxa7 Rfd8 27. Rc1 Bxd4 28. Nxd4 Rxd4 29. e3 Nc3 30. Bf1 Bd5 31. Rxc3 Rxc3 32. exd4 Rc1 33. Ra5 g5 34. Rc5 Rb1 35. Rc3 Rxb4 36. f3 Rxd4 37. Kf2 Rb4 38. Bd3 Kg7 39. Rc2 h6 40. Rd2 Ra4 41. Be2 Kf6 42. Ke3 Ra3+ 43. Kf2 Ke5 44. Rc2 Kf6 45. Rb2 Rc3 46. Rd2 Ke7 47. Bd1 f6 48. Rc2 Ra3 49. Be2 Kd6 50. Rd2 Kc5 51. Rc2+ Kd6 52. Rd2 Ke5 53. Rb2 f5 54. Rd2 Rc3 55. Rb2 Rc1 56. Rd2 Ra1 57. Bd1 Rc1 58. Be2 Kf6 59. Bb5 Rb1 60. Be2 Ra1 61. Bd1 Ke5 62. Be2 h5 63. Bd1 Rc1 64. Be2 Rb1 65. Bd3 Rb4 66. Bf1 Rb1 67. Bd3 Rc1 68. Be2 Kd6 69. Bd3 Rc3 70. Be2 Kc5 71. Bd1 Ra3 72. Be2 Ra1 73. Bd1 Kb4 74. Be2 Kc3 75. Rd3+ Kc2 76. Rd4 g4 77. fxg4 hxg4 78. Bf1 Kc3 79. Rd3+ Kb4 80. Rd2 Kc5 81. Rc2+ Kd4 82. Rd2+ Ke5 83. Rb2 Kf6 84. Rd2 Ra3 85. Be2 Ra7 86. Bf1 Rh7 87. Ke3 Rh8 88. Rb2 Ke5 89. Rd2 Rf8 90. Be2 Rb8 91. Kf2 Be4 92. Ra2 Rb4 93. Bf1 Rb1 94. Ra5+ Bd5 95. Ra3 Rb2+ 96. Kg1 Rb1 97. Kf2 Kf6 98. Ra5 Rb2+ 99. Kg1 Be4 100. Rb5 Rd2 101. Rb6 Rc2 102. Rb8 Ra2 103. Rb6 Ra1 104. Kf2 Rc1 105. Rb8 Ke5 106. Rb5+ Bd5 107. Ra5 Rc2+ 108. Kg1 Rb2 109. Ra4 Rb3 110. Ra5 Kd4 111. Ra4+ Ke3 112. Ra5 Rc3 113. Ra1 Kd2 114. Rb1 Rc1 115. Rxc1 Kxc1 116. h4 gxh3 117. Bxh3 Kd2 118. Kf2 Be4 119. g4 f4 120. g5 e5 121. Be6 Bg6 122. Kf3 Kd3 123. Bd7 Kd4 124. Be6 Bh5+ 125. Bg4 e4+ 126. Kxf4 Bxg4 127. Kxg4 e3 128. Kf3 Kd3 129. g6 e2 0-1

[Event "POL-chT 2nd League"]
[Site "Jastrzebia Gora"]
[Date "2018.09.01"]
[Round "1.17"]
[White "Luba, Lukasz"]
[Black "Zaskalski, Arkadiusz"]
[Result "1/2-1/2"]
[WhiteElo "2130"]
[BlackElo "2186"]
[PlyCount "96"]
[EventDate "2018.09.01"]
[EventType "team-swiss"]
[EventRounds "9"]
[EventCountry "POL"]
[SourceTitle "CBM 186 Extra"]
[Source "ChessBase"]
[SourceDate "2018.08.24"]
[SourceVersion "1"]
[SourceVersionDate "2018.08.24"]
[SourceQuality "1"]
[WhiteTeam "Plock Stowarzyszenie"]
[BlackTeam "Pilzno GKSz Hetman"]
[WhiteTeamCountry "POL"]
[BlackTeamCountry "POL"]

1. d4 Nf6 2. c4 e6 3. Nc3 d5 4. a3 Be7 5. Bf4 0-0 6. Nf3 c5 7. dxc5 Bxc5 8. b4 Be7 9. e3 a5 10. c5 b6 11. cxb6 Qxb6 12. Na4 Qa7 13. b5 Nbd7 14. Nd4 Bb7 15. b6 Nxb6 16. Nb5 Qa6 17. Nc7 Qa7 18. Nxb6 Qxb6 19. Nxa8 Bxa8 20. Be2 d4 21. Qxd4 Qxd4 22. exd4 Bxg2 23. Rg1 Be4 24. Bd2 Nd5 25. Bc4 Rc8 26. Bxd5 Bxd5 27. Bxa5 Bxa3 28. Bd2 Bd6 29. h4 h5 30. Ke2 Be7 31. Bg5 Bb4 32. Rgc1 Rxc1 33. Rxc1 Kh7 34. Kd3 Bd6 35. Ke3 Kg6 36. Rg1 Kf5 37. Bd8 Bf4+ 38. Kd3 Be4+ 39. Ke2 g6 40. f3 Bd5 41. Ra1 Bg3 42. Rg1 Bf4 43. Kf2 f6 44. Rh1 Bd2 45. Bc7 Bf4 46. Bd8 Bd2 47. Be7 Bf4 48. Bd8 Bd2 1/2-1/2

[Event "POL-chT 2nd League"]
[Site "Szklarska Poreba"]
[Date "2017.09.09"]
[Round "8.8"]
[White "Zaskalski, Arkadiusz"]
[Black "Lewtak, Damian"]
[Result "1/2-1/2"]
[WhiteElo "2165"]
[BlackElo "2331"]
[PlyCount "143"]
[EventDate "2017.09.02"]
[EventType "team-swiss"]
[EventRounds "9"]
[EventCountry "POL"]
[SourceTitle "CBM 180 Extra"]
[Source "ChessBase"]
[SourceDate "2017.10.06"]
[SourceVersion "1"]
[SourceVersionDate "2017.10.06"]
[SourceQuality "1"]
[WhiteTeam "Pilzno GKSz Hetman"]
[BlackTeam "Gostynin Gostmat 83"]
[WhiteTeamCountry "POL"]
[BlackTeamCountry "POL"]

1. Nf3 d5 2. c4 d4 3. g3 Nc6 4. Bg2 e5 5. d3 Bb4+ 6. Bd2 a5 7. 0-0 Nf6 8. Na3 0-0 9. Nc2 Bc5 10. Rb1 Re8 11. a3 a4 12. b4 axb3 13. Rxb3 h6 14. Bb4 Nxb4 15. axb4 Bf8 16. Qc1 Bd7 17. b5 Bc5 18. Rb1 Qc8 19. Ra1 Rxa1 20. Qxa1 Bh3 21. Qb2 Bxg2 22. Kxg2 Qd7 23. e4 dxe3 24. Nxe5 Qf5 25. fxe3 Qxe5 26. Qxe5 Rxe5 27. d4 Re4 28. dxc5 Rxc4 29. Nd4 Rxc5 30. Kf3 g6 31. Ra1 Kg7 32. Ra7 b6 33. h4 h5 34. Ra2 Ne8 35. Rb2 Nd6 36. Rb3 Kf6 37. Rb4 Ke7 38. Rb3 Nf5 39. Nxf5+ Rxf5+ 40. Ke4 Kd6 41. Rd3+ Kc5 42. Rc3+ Kxb5 43. Rxc7 Kb4 44. Kd4 b5 45. Rc1 Kb3 46. e4 Rf3 47. Rb1+ Ka4 48. Ra1+ Kb4 49. Ra7 Rf1 50. Rb7 Ka5 51. Kc5 Rc1+ 52. Kd4 f6 53. Ra7+ Kb6 54. Rg7 b4 55. Rxg6 b3 56. Rxf6+ Ka5 57. Rf2 Kb4 58. e5 Rd1+ 59. Ke4 Kc3 60. Rf3+ Kc2 61. Rf2+ Rd2 62. Rf6 b2 63. Rc6+ Kb3 64. Rb6+ Kc3 65. Kf5 Rf2+ 66. Kg5 Rg2 67. Kxh5 Rxg3 68. e6 Re3 69. Kg5 Rxe6 70. Rxb2 Kxb2 71. h5 Kc3 72. h6 1/2-1/2

[Event "POL-chT 2nd League"]
[Site "Szklarska Poreba"]
[Date "2017.09.08"]
[Round "7.5"]
[White "Buraczewski, Rafal"]
[Black "Zaskalski, Arkadiusz"]
[Result "0-1"]
[WhiteElo "2220"]
[BlackElo "2165"]
[PlyCount "84"]
[EventDate "2017.09.02"]
[EventType "team-swiss"]
[EventRounds "9"]
[EventCountry "POL"]
[SourceTitle "CBM 180 Extra"]
[Source "ChessBase"]
[SourceDate "2017.10.06"]
[SourceVersion "1"]
[SourceVersionDate "2017.10.06"]
[SourceQuality "1"]
[WhiteTeam "Zielonka Zieloni"]
[BlackTeam "Pilzno GKSz Hetman"]
[WhiteTeamCountry "POL"]
[BlackTeamCountry "POL"]

1. d4 Nf6 2. c4 e6 3. Nc3 d5 4. Nf3 Be7 5. Bg5 h6 6. Bh4 0-0 7. e3 Ne4 8. Bxe7 Qxe7 9. Nxe4 dxe4 10. Nd2 f5 11. Qc2 Nd7 12. Be2 c6 13. g4 Qh4 14. gxf5 exf5 15. Rf1 c5 16. 0-0-0 Qxh2 17. Nb3 cxd4 18. exd4 Nf6 19. d5 Bd7 20. Kb1 Rac8 21. c5 Qe5 22. f4 exf3 23. Bxf3 Ne4 24. Rfe1 Rfe8 25. Bxe4 fxe4 26. Re3 Bf5 27. Ka1 Red8 28. Na5 Rxd5 29. Nxb7 Rxd1+ 30. Qxd1 Be6 31. Qa4 Qd5 32. Qb3 Qxb3 33. axb3 Bd5 34. Nd6 Rxc5 35. Nxe4 Bxe4 36. Rxe4 Kf7 37. b4 Rc7 38. Ka2 g5 39. Ka3 h5 40. Ka4 h4 41. Rg4 Kf6 42. Rg1 h3 0-1

[Event "POL-chT 2nd League"]
[Site "Szklarska Poreba"]
[Date "2017.09.07"]
[Round "6.2"]
[White "Zaskalski, Arkadiusz"]
[Black "Zylka, Stanislaw"]
[Result "1/2-1/2"]
[WhiteElo "2165"]
[BlackElo "2344"]
[PlyCount "194"]
[EventDate "2017.09.02"]
[EventType "team-swiss"]
[EventRounds "9"]
[EventCountry "POL"]
[SourceTitle "CBM 180 Extra"]
[Source "ChessBase"]
[SourceDate "2017.10.06"]
[SourceVersion "1"]
[SourceVersionDate "2017.10.06"]
[SourceQuality "1"]
[WhiteTeam "Pilzno GKSz Hetman"]
[BlackTeam "Rybnik"]
[WhiteTeamCountry "POL"]
[BlackTeamCountry "POL"]

1. Nf3 c5 2. c4 Nc6 3. d4 cxd4 4. Nxd4 Nf6 5. Nc3 Qb6 6. Nc2 e6 7. b3 d5 8. e3 Be7 9. cxd5 exd5 10. Be2 0-0 11. 0-0 Be6 12. Bb2 Rac8 13. Nd4 Nxd4 14. Qxd4 Qxd4 15. exd4 Ne4 16. Nxe4 dxe4 17. Rac1 Bg5 18. Rc5 h6 19. Bc1 b6 20. Rxc8 Rxc8 21. Bxg5 hxg5 22. Ra1 Rc2 23. Kf1 Rd2 24. Ke1 Rxd4 25. Rd1 Rxd1+ 26. Bxd1 Kf8 27. Kd2 Ke7 28. Ke3 Kd6 29. Kd4 a5 30. a3 Bd5 31. g3 f5 32. b4 axb4 33. axb4 Ba2 34. Be2 g4 35. Bf1 Bb1 36. Bc4 Bd3 37. Bb3 Bb5 38. Bf7 Bd7 39. Bb3 Be8 40. Bc4 Ba4 41. Bd5 Bd1 42. Bf7 Bc2 43. Bc4 Bd3 44. Bb3 Bf1 45. Ba4 g6 46. Be8 g5 47. Ba4 Bd3 48. Bb3 Bb1 49. Bd5 Bc2 50. Bc4 Bd3 51. Bb3 Bb5 52. Bd1 Bf1 53. Bb3 Bg2 54. Bd1 Bh1 55. Bc2 Bf3 56. Bb3 Be2 57. Bd5 Ba6 58. Bb3 Bc8 59. Bd1 Be6 60. Bc2 Ba2 61. Bd1 Bb1 62. Bb3 Bd3 63. Bd1 Bb1 64. Be2 Bc2 65. Bc4 Bd1 66. Bd5 Be2 67. Bb3 Bf1 68. Bc2 Bd3 69. Bb3 Be2 70. Bc2 Bf3 71. Bb3 Bh1 72. Bd1 Bg2 73. Bc2 Bf3 74. Bb3 Bh1 75. Bd1 Bg2 76. Bc2 Bh3 77. Bd1 Bf1 78. Bb3 Be2 79. Bc2 Bf3 80. Bb3 Be2 81. Bc2 Bb5 82. Bb3 Bc6 83. Bd1 Bd7 84. Bb3 Be6 85. Bd1 Bg8 86. Bc2 Bh7 87. Bd1 Bg6 88. Be2 Bf7 89. Bd1 Be8 90. Bb3 Bb5 91. Bc2 Be2 92. Bb3 Bf3 93. Bc2 Bg2 94. Bb1 Bh1 95. Bc2 Bf3 96. Bb3 Be2 97. Bc2 Ba6 1/2-1/2

[Event "POL-chT 2nd League"]
[Site "Szklarska Poreba"]
[Date "2017.09.06"]
[Round "5.4"]
[White "Molenda, Marcin"]
[Black "Zaskalski, Arkadiusz"]
[Result "1-0"]
[WhiteElo "2411"]
[BlackElo "2165"]
[PlyCount "85"]
[EventDate "2017.09.02"]
[EventType "team-swiss"]
[EventRounds "9"]
[EventCountry "POL"]
[SourceTitle "CBM 180 Extra"]
[Source "ChessBase"]
[SourceDate "2017.10.06"]
[SourceVersion "1"]
[SourceVersionDate "2017.10.06"]
[SourceQuality "1"]
[WhiteTeam "Jastrzebie Zdroj Pionier"]
[BlackTeam "Pilzno GKSz Hetman"]
[WhiteTeamCountry "POL"]
[BlackTeamCountry "POL"]

1. c4 c5 2. Nf3 Nf6 3. Nc3 g6 4. d4 cxd4 5. Nxd4 Nc6 6. e4 Nxd4 7. Qxd4 d6 8. f3 Bg7 9. Be3 0-0 10. Qd2 Bd7 11. Rc1 Bc6 12. Be2 a5 13. b3 Nd7 14. 0-0 Nc5 15. Nd5 f5 16. Bg5 Rf7 17. exf5 gxf5 18. Rfd1 b6 19. Qe3 Ra7 20. f4 Bxd5 21. Rxd5 Qd7 22. Bf3 Bf6 23. Bxf6 Rxf6 24. a3 Qd8 25. b4 axb4 26. axb4 Nd7 27. Rb5 Rc7 28. Bd5+ Kh8 29. Be6 Ne5 30. fxe5 Rxe6 31. Qd4 Kg8 32. Qd5 Qd7 33. Rxb6 Kg7 34. exd6 Rxd6 35. Rxd6 Qxd6 36. Qxd6 exd6 37. Kf2 Kf6 38. Ke3 Ke5 39. Kd3 Rb7 40. Re1+ Kf6 41. Rb1 Ke5 42. b5 f4 43. b6 1-0

[Event "POL-chT 2nd League"]
[Site "Szklarska Poreba"]
[Date "2017.09.04"]
[Round "3.10"]
[White "Dzierzak, Radoslaw"]
[Black "Zaskalski, Arkadiusz"]
[Result "1/2-1/2"]
[WhiteElo "2251"]
[BlackElo "2165"]
[PlyCount "69"]
[EventDate "2017.09.02"]
[EventType "team-swiss"]
[EventRounds "9"]
[EventCountry "POL"]
[SourceTitle "CBM 180 Extra"]
[Source "ChessBase"]
[SourceDate "2017.10.06"]
[SourceVersion "1"]
[SourceVersionDate "2017.10.06"]
[SourceQuality "1"]
[WhiteTeam "Podlesie UKS 21"]
[BlackTeam "Pilzno GKSz Hetman"]
[WhiteTeamCountry "POL"]
[BlackTeamCountry "POL"]

1. e4 c5 2. Nf3 Nc6 3. d4 cxd4 4. Nxd4 Nf6 5. Nc3 g6 6. Nxc6 bxc6 7. e5 Ng8 8. Bc4 Bg7 9. Qf3 f5 10. Bf4 e6 11. 0-0-0 Qc7 12. Qe3 Ne7 13. Qc5 Qb6 14. Qd6 Nd5 15. Bg5 Bf8 16. Nxd5 cxd5 17. Qxb6 axb6 18. Bf6 Bh6+ 19. Kb1 Rf8 20. Bb5 Bb7 21. Rd3 Rf7 22. h4 Bg7 23. Bxg7 Rxg7 24. Rhh3 0-0-0 25. f4 Kc7 26. Ra3 d6 27. Rac3+ Kb8 28. exd6 Rxd6 29. Rcg3 Re7 30. Kc1 Bc6 31. Bxc6 Rxc6 32. h5 gxh5 33. Rg5 Rec7 34. c3 d4 35. Kc2 1/2-1/2

[Event "POL-chT 2nd League"]
[Site "Jastrzebia Gora"]
[Date "2016.09.09"]
[Round "7.80"]
[White "Karwowski, Kacper"]
[Black "Zaskalski, Arkadiusz"]
[Result "0-1"]
[WhiteElo "2245"]
[BlackElo "2142"]
[PlyCount "66"]
[EventDate "2016.09.03"]
[EventType "team-swiss"]
[EventRounds "9"]
[EventCountry "POL"]
[SourceTitle "EXT 2017"]
[Source "ChessBase"]
[SourceDate "2016.10.25"]
[SourceVersion "1"]
[SourceVersionDate "2016.10.25"]
[SourceQuality "1"]
[WhiteTeam "Grzybowo GKSz Solny"]
[BlackTeam "Pilzno GKSz Hetman"]
[WhiteTeamCountry "POL"]
[BlackTeamCountry "POL"]

1. g3 c5 2. Bg2 Nc6 3. Nf3 g6 4. 0-0 Bg7 5. d3 d5 6. Nbd2 Nf6 7. e4 0-0 8. Re1 e5 9. exd5 Nxd5 10. Ne4 b6 11. Nc3 Nxc3 12. bxc3 e4 13. Rxe4 Bxc3 14. Rb1 Bb7 15. Bh6 Re8 16. Rxe8+ Qxe8 17. Ng5 Qe7 18. Ne4 Bg7 19. Qd2 Rd8 20. Re1 Bxh6 21. Qxh6 f5 22. Nf6+ Qxf6 23. Bd5+ Kh8 24. Re6 Qa1+ 25. Kg2 Qg7 26. Qxg7+ Kxg7 27. Bxc6 Kf7 28. Rxg6 hxg6 29. Bxb7 c4 30. Ba6 c3 31. Kf3 Re8 32. a4 Kf6 33. h4 Re1 0-1

[Event "POL-chT3 Podkarpackie"]
[Site "Czudec"]
[Date "2016.05.28"]
[Round "2.7"]
[White "Gierulski, Kamil"]
[Black "Zaskalski, Arkadiusz"]
[Result "1/2-1/2"]
[WhiteElo "2165"]
[BlackElo "2158"]
[PlyCount "276"]
[EventDate "2016.05.27"]
[EventType "team-tourn"]
[EventRounds "9"]
[EventCountry "POL"]
[SourceTitle "EXT 2018"]
[Source "ChessBase"]
[SourceDate "2017.10.13"]
[SourceVersion "1"]
[SourceVersionDate "2017.10.13"]
[SourceQuality "1"]
[WhiteTeam "Rzeszow RzKSz"]
[BlackTeam "Mielec"]
[WhiteTeamCountry "POL"]
[BlackTeamCountry "POL"]

1. e4 c5 2. Nf3 Nc6 3. d4 cxd4 4. Nxd4 Nf6 5. Nc3 g6 6. Be2 Bg7 7. 0-0 0-0 8. Be3 d5 9. exd5 Nb4 10. d6 Qxd6 11. Ncb5 Qd8 12. c4 Bd7 13. Qb3 Nc6 14. Rfd1 Qa5 15. Bf3 Ne5 16. Bxb7 Rab8 17. Bf4 Rxb7 18. Bxe5 a6 19. Qf3 Rxb5 20. Bxf6 Bxf6 21. cxb5 axb5 22. Qb7 Bg4 23. Nc6 Qa8 24. Qxa8 Rxa8 25. Rd8+ Rxd8 26. Nxd8 Bf5 27. Rd1 Bxb2 28. Rd5 b4 29. Nc6 Be6 30. Rd8+ Kg7 31. Nxb4 Bc3 32. a3 h5 33. Nc6 Kf6 34. a4 Bc4 35. Nxe7 Kxe7 36. Rc8 Bb3 37. Rxc3 Bxa4 38. Rc5 Bb3 39. Kf1 Kf6 40. Ke2 Be6 41. Ke3 Bb3 42. Kf4 Ba2 43. Rc6+ Kg7 44. Rd6 Bb3 45. Ke5 Ba2 46. f4 Bb1 47. Kd4 Bc2 48. Ke5 Kg8 49. Rd7 Bf5 50. Ra7 Kg7 51. Kd6 Kf6 52. Kd5 Be6+ 53. Kd4 Bf5 54. Ra6+ Kg7 55. Ke5 Bd3 56. Rb6 Bf5 57. h3 Bc8 58. Rb1 Bf5 59. Rg1 h4 60. Ra1 Bd7 61. Rf1 Bf5 62. Rf2 Bc8 63. f5 f6+ 64. Ke4 gxf5+ 65. Kf4 Kg6 66. Rb2 Be6 67. Rb8 Bd5 68. Ke3 Be4 69. Rh8 Bd5 70. Kf2 Kg5 71. Rd8 Be4 72. Rg8+ Kf4 73. Rg6 Bd5 74. Rxf6 Be4 75. Rg6 Bd5 76. g3+ hxg3+ 77. Rxg3 Ke5 78. h4 Bf7 79. Rg5 Kf4 80. Ke2 Bd5 81. Rg7 Bf3+ 82. Kf2 Bg4 83. Rc7 Bf3 84. Rc3 Bg4 85. Rc4+ Ke5 86. Ke3 Kf6 87. Kf4 Kg6 88. Rc6+ Kh5 89. Rf6 Bh3 90. Rf8 Bg4 91. Rg8 Bh3 92. Rg5+ Kh6 93. Ke5 Bg4 94. Kf6 Bh3 95. Rg8 Kh7 96. Rg3 Bf1 97. Rf3 Be2 98. Rxf5 Kh6 99. Re5 Bd3 100. Re8 Kh7 101. Kg5 Bc2 102. Re7+ Kh8 103. h5 Bb3 104. Kh6 Ba2 105. Rh7+ Kg8 106. Ra7 Bb1 107. Ra8+ Kf7 108. Rb8 Bc2 109. Kg5 Kg7 110. Rc8 Bb1 111. Rc7+ Kg8 112. Kh6 Bd3 113. Rc8+ Kf7 114. Rd8 Bc2 115. Kg5 Kg7 116. Rd7+ Kg8 117. Kh6 Bb1 118. Rd8+ Kf7 119. Rd1 Bc2 120. Rg1 Bd3 121. Rg6 Kf8 122. Rd6 Bb1 123. Kg5 Kg7 124. h6+ Kg8 125. Kf6 Kh7 126. Rd7+ Kg8 127. h7+ Kh8 128. Rd8+ Kxh7 129. Rd1 Bc2 130. Rg1 Bb3 131. Rb1 Bc4 132. Rh1+ Kg8 133. Kg6 Bd3+ 134. Kf6 Bc4 135. Rh4 Bb3 136. Rg4+ Kh8 137. Rh4+ Kg8 138. Rh2 Bc4 1/2-1/2